| 000 | 00988nam a22002655a 4500 | ||
|---|---|---|---|
| 003 | OSt | ||
| 005 | 20170131110924.0 | ||
| 008 | 160922s2010 ua frb 000 0 ara d | ||
| 015 | _22004 / 7663 | ||
| 020 | _z977044457H | ||
| 040 |
_aEG-ScBUE _bara _cEG-ScBUE _dEG-ScBUE |
||
| 043 | _af-ua--- | ||
| 082 | 0 | 4 |
_a347.62014 _bع و ض _222 |
| 100 | 1 | _aعوض، رمزي رياض. | |
| 245 | 1 | 0 |
_aسلطة القاضي الجنائي في تقدير الأدلة : _bدراسة مقارنة / _cرمزي رياض عوض. |
| 260 |
_aالقاهرة : _bدار النهضة العربية، _c2010. |
||
| 300 |
_a264 ص. ؛ _c24 سم. |
||
| 504 | _aيشتمل على إرجاعات ببليوجرافية. | ||
| 650 | 7 |
_aالسلطة القضائية _zمصر. _2BUEsh _941083 |
|
| 650 | 7 |
_aقانون الإجراءات الجنائية. _zمصر _941140 _2BUEsh |
|
| 650 | 7 |
_a الأدلة الجنائية _zمصر. _2BUEsh |
|
| 651 | _2BUEsh | ||
| 653 |
_bLLAAWW _cJanuary2017 |
||
| 942 | _2ddc | ||
| 999 |
_c24035 _d24007 |
||